000 00236nam a2200085Ia 4500
245 0 _aSeisoene
100 _a Olivier, Ezette Germiston, 2009 1ste Afrikaanse uitg
_978026
942 _cBK
008 210817s9999 xx 000 0 und d
999 _c268821
_d268820